| 000 | 00825nam a2200217Ia 4500 | ||
|---|---|---|---|
| 005 | 20241216011437.0 | ||
| 008 | 190429s9999||||xx |||||||||||||| ||und|| | ||
| 020 | _aMONTALVO | ||
| 082 |
_a372.4 _bM77 |
||
| 100 | _aMONTALVO RAMON MARIBEL, TORRES DE LA CRUZ CRHISTIAM FREDDY | ||
| 245 | 0 | _aLOS POEMAS HUMORISTICOS COMO ESTRATEGIA PARA DESAROLLAR LA CAPACIDAD DE COMPRENSION DE TEXTOS DE LOS NIÑOS DEL QUINTO GRADO DE LA INSTITUCION EDUCATIVA N°34152 MARCELIANO RIOS BIANCHI VILCABAMBA | |
| 250 | _a0 | ||
| 260 |
_aCERRO DE PASCO-PERU _bUNDAC _c2012 |
||
| 300 |
_a69 pag. _c30 cm. |
||
| 341 | _h0 | ||
| 490 |
_v0 _a0 |
||
| 505 | _aPLANTEAMIENTO DEL PROBLEMA/MARCO TEORICO/METODOLOGIA/RESULTADOS/CONCLUSIONES | ||
| 541 |
_aD _bMONTAVO RAMON MARIBEL _d05-Sep-14 _oSoles |
||
| 650 | _aEducación Primaria | ||
| 942 | _cTESIS | ||
| 999 |
_c42013 _d42013 |
||